| 000 | 00593cam a22001457a 4500 | ||
|---|---|---|---|
| 008 | 180718b1992 xxu||||| |||| 00| 0 eng d | ||
| 082 | _aA81x54 91/11/PT12A/B | ||
| 100 | _aCensus of India 1991 | ||
| 245 | _aKarnataka district census handbook, Bangalore rural: village and town directory | ||
| 260 |
_aBangalore _bThe Director of Printing, Stationery & Publications _c1992 |
||
| 300 | _a483+p. | ||
| 440 | _aCensus of India 1991. Series-11, Karnataka. Part XII-A | ||
| 650 | _aCities and towns - Directories - Census - India - Karnataka - Bangalore rural | ||
| 650 | _aBangalore rural - Census | ||
| 999 |
_c476154 _d476154 |
||